| 000 | 00773nam a2200193 a 4500 | ||
|---|---|---|---|
| 001 | 000035642 | ||
| 005 | 20200930074509.0 | ||
| 008 | 111107s1975 sp a 000 0 spa d | ||
| 020 | _a8420622001 | ||
| 040 |
_aDO-SdBNP _bspa _cBNPHU |
||
| 082 |
_axxx _bS642p |
||
| 100 | 1 |
_aSmith, C. U. M. _q(Christopher Upham Murray) _961558 |
|
| 240 | 1 | 3 |
_aThe problem of life _lespañol |
| 245 | 1 | 3 |
_aEl problema de la vida : _b(Ensayo sobre los orígenes del pensamiento biológico) / _cC. U. M. Smith ; versión española de Natividad Sánchez Sainz-Trápaga. |
| 260 |
_aMadrid : _bAlianza Editorial, _c1975. |
||
| 300 |
_a448 p. : _bil. ; _c20 cm. |
||
| 590 | _aPerteneció a la biblioteca personal de Juan Isidro Jimenes Grullón | ||
| 700 | 1 |
_aSánchez Sainz-Trápaga, Natividad _951556 |
|
| 999 |
_c35133 _d35133 |
||